[Event "FTX Crypto Cup Prelims 2021"]
[Site "Chess24"]
[Date "2021.05.18"]
[Round "8.3"]
[White "Nakamura, Hikaru"]
[Black "Ding, Liren"]
[Result "1/2-1/2"]
[WhiteElo "2829"]
[BlackElo "2836"]
[Annotator "TA"]
[PlyCount "97"]
[EventDate "2021.05.23"]
[EventType "tourn"]
[EventCountry "NET"]
[Tiebreak "Koya+Number of black wins+Number of wins"]
[SourceTitle "playchess.com"]
[Source "ChessBase"]
[SourceQuality "1"]

{[%evp 11,97,0,0,0,0,0,4,-25,-12,-17,0,0,4,0,0,0,0,-15,-24,-24,-24,-31,-14,-41,
-38,-39,-41,-43,-7,-30,-20,-34,-39,-115,-116,-95,-98,-239,-23,-23,-23,-16,-11,
-15,-16,-29,-4,-22,-23,-28,-26,-28,-27,-22,-18,-23,-22,-19,0,0,0,0,0,0,0,0,0,0,
0,0,0,0,0,0,8,0,8,0,0,0,0,0,0,0,0,0,0,0]} 1. d4 Nf6 2. c4 e6 3. Nc3 Bb4 4. Qc2
O-O 5. Nf3 d5 6. cxd5 exd5 7. Bf4 {E32: Nimzo-Indian: Classical (4 Qc2): 4...
0-0.} c5 8. dxc5 Qa5 9. e3 {[#]} Bf5 $1 10. Bd3 Bxc3+ 11. bxc3 Bxd3 12. Qxd3 {
[#]} Qxc5 $146 ({Predecessor:} 12... Nbd7 13. O-O Nxc5 14. c4 Nxd3 {0-1 (14)
Sajjadi,K (1893)-Vestby Ellingsen,M (2262) Fornebu 2017}) 13. Rb1 b6 14. Be5 {
Bxf6 is the strong threat.} Nbd7 {[%cal Bb8d7,Bd7c5,Bc5e6][%mdl 32]} 15. Bd4
Qa3 16. Qc2 Rfc8 17. O-O Ne4 {[%cal Re4c3]} 18. Rfc1 Ndc5 19. Nd2 Nd6 20. Rd1
Qa4 21. Nb3 Ne6 22. Qe2 {[#]} (22. Rbc1 $15) 22... Nb5 $1 $17 23. Be5 f6 ({
Much worse is} 23... Nxc3 24. Bxc3 Rxc3 25. Rxd5 $11) 24. Na1 {[#]} Nxc3 $2 ({
Weaker is} 24... fxe5 25. Rxb5 Nc7 26. Rb2 $11) (24... Rc4 $1 $19 25. Rxd5 a6)
25. Bxc3 $11 Rxc3 26. Rxd5 Qe4 27. Rdd1 Rac8 28. Rb2 Qc4 29. Kf1 Rc1 {[%cal
Rc1d1]} 30. Rbd2 Rxd1+ 31. Rxd1 Kf8 32. Nb3 Qxe2+ 33. Kxe2 {[%mdl 4096]
Endgame KRN-KRN} Rc2+ 34. Rd2 {The position is equal.} Rxd2+ (34... Rc4 {
is interesting.} 35. f4 Ke7 36. g4 g5 37. fxg5 fxg5 38. Kf3 h6) 35. Kxd2 {KN-KN
} Ke7 36. e4 Kd6 37. Ke3 g5 38. f3 Ke5 39. g3 h5 40. h4 gxh4 41. f4+ Kd6 42.
gxh4 a6 43. Nd2 b5 44. Nf1 a5 45. Ng3 Ng7 46. Kd4 Ne6+ 47. Ke3 Ng7 48. Kd4 Ne6+
49. Ke3 {Weighted Error Value: White=0.11/Black=0.13} 1/2-1/2

[Event "FTX Crypto Cup Prelims 2021"]
[Site "Chess24"]
[Date "2021.05.18"]
[Round "8.4"]
[White "Firouzja, Alireza"]
[Black "Giri, Anish"]
[Result "0-1"]
[WhiteElo "2703"]
[BlackElo "2731"]
[Annotator "TA"]
[PlyCount "80"]
[EventDate "2021.05.23"]
[EventType "tourn"]
[EventCountry "NET"]
[Tiebreak "Koya+Number of black wins+Number of wins"]
[SourceTitle "playchess.com"]
[Source "ChessBase"]
[SourceQuality "1"]

{[%evp 11,80,15,26,6,23,25,30,22,35,21,38,16,46,47,73,0,33,13,16,19,114,31,24,
0,0,-62,-60,-60,-82,-90,-16,-37,-26,-59,-64,-70,-68,-331,0,0,4,-336,-329,-403,
-356,-340,-325,-413,-414,-756,-354,-384,-402,-393,-393,-433,-430,-427,-430,
-425,-415,-473,-470,-536,-510,-703,-677,-954,-1025,-1483,-1414]} 1. e4 e5 2.
Nf3 Nc6 3. Bc4 Nf6 4. d3 Bc5 5. Bg5 h6 6. Bh4 d6 7. a4 {7.c3 is becoming the
main line. C50: Hungarian Defence and Giuoco Pianissimo.} a5 8. c3 Qe7 $5 {
[%mdl 4] An interesting side line.} 9. O-O {White has an edge.} g5 10. Bg3 {[#]
} Bd7 $146 ({Predecessor:} 10... h5 11. h4 g4 12. Ng5 Nd8 13. d4 Ba7 14. Nd2
Nd7 15. Qb3 Nb6 16. f4 exd4 {1-0 (27) Sethuraman,S (2646)-Lodhi,M (2347) Riadh
2017}) 11. Re1 Rg8 12. d4 Ba7 13. Na3 h5 $1 {[%cal Rh5h4] Strongly threatening
...h4.} 14. h4 gxh4 15. Bxh4 O-O-O (15... Rg4 $1 $11) 16. Nc2 (16. b4 $1 $16)
16... Rg4 $14 17. Bb5 exd4 18. cxd4 (18. Ncxd4 $11 Ne5 19. Bxd7+ Nexd7 20. Nf5)
18... Rdg8 $15 19. Ne3 {[#]} Rxh4 $1 20. Nxh4 {Black must now prevent Bxc6.}
Nxe4 (20... Nxd4 $17 21. Bxd7+ Qxd7) 21. Nef5 Qg5 22. Qf3 d5 23. Rad1 Kb8 24.
g3 $2 {[%mdl 8192] [#]} (24. Bxc6 $15 bxc6 25. g3) 24... Nxd4 $2 25. Nxd4 $11
Bxb5 26. Kh2 $2 {[%mdl 8192]} (26. axb5 $11 Qxh4 27. Kg2 (27. Qxf7 Qg4 $11))
26... Bxa4 $19 27. b3 Be8 28. Re2 Bb6 29. Ng2 Bd7 {...h4! is the strong threat.
} 30. Qxf7 {[#]} (30. Rxe4 $142 dxe4 31. Qxe4) 30... Bg4 (30... h4 $142 $1 31.
Nxh4 Nxg3) 31. Nf3 Qg7 32. Qxg7 Rxg7 33. Ngh4 Bxf2 34. Rxf2 Nxf2 35. Rxd5 b6
36. Nd4 Kb7 {Black is clearly winning.} 37. Ng2 Ne4 38. Re5 Nd2 {aiming for ...
Rd7.} 39. Nf4 Rd7 40. Nb5 Nf3+ {[%mdl 64] Double Attack.  Weighted Error Value:
White=0.92/Black=0.37} 0-1

[Event "FTX Crypto Cup Prelims 2021"]
[Site "Chess24"]
[Date "2021.05.18"]
[Round "8.5"]
[White "Svidler, Peter"]
[Black "Pichot, Alan"]
[Result "1-0"]
[WhiteElo "2742"]
[BlackElo "2533"]
[Annotator "TA"]
[PlyCount "75"]
[EventDate "2021.05.23"]
[EventType "tourn"]
[EventCountry "NET"]
[Tiebreak "Koya+Number of black wins+Number of wins"]
[SourceTitle "playchess.com"]
[Source "ChessBase"]
[SourceQuality "1"]

{[%evp 9,75,0,0,0,0,-12,0,0,-3,-35,-25,-14,-24,-25,0,-25,-14,-3,-4,-55,-47,-59,
-59,-124,-119,-126,-129,-133,-130,-142,-72,-134,-132,-136,-126,-140,-121,-111,
-81,-80,-72,-88,23,22,51,42,45,29,717,694,642,625,980,922,1592,1537,1914,4132,
2785,2311,5314,5314,5265,5181,2469,1679,1996,1670]} 1. e4 c5 2. Nf3 d6 3. Bd3
Nf6 4. c3 Bg4 5. Bc2 e6 6. h3 {B50: Sicilian: 2...d6, Miscellaneous.} Bh5 7. d4
d5 {[#]} 8. exd5 $146 {The position is equal.} ({Predecessor:} 8. e5 Nfd7 9.
O-O Be7 10. Re1 O-O 11. Qd3 c4 12. Qxh7# {1-0 (12) Olmann,M-Pocius,M Panevezys
2009}) 8... Qxd5 9. Bb3 Qe4+ 10. Be3 Bxf3 11. gxf3 Qf5 12. Nd2 cxd4 13. Bxd4
Nc6 14. Ba4 (14. Bc2 $11 Qh5 15. Be3) 14... Be7 $15 15. Bxf6 Qxf6 16. Qb3 (16.
Bc2 $15) 16... O-O $17 {Hoping for ...Ne5.} 17. Bxc6 bxc6 18. O-O-O Rab8 19.
Qc4 Rb5 ({Black should play} 19... Qf5 20. Qe4 Qa5) 20. Kc2 ({White should try
} 20. Qxc6 Rfb8 21. Nb3) 20... Rfb8 21. b3 Rd5 22. Qe4 Re5 23. Qd3 g6 24. Ne4
Qf4 25. Rhe1 Rf5 (25... Rd5 $17 26. Qe3 Qc7) 26. Qd7 $11 Bf8 27. Qxa7 Rbb5 28.
Rd8 $36 {[%mdl 2048] [#] Strongly threatening Qe7. White has some pressure.}
Ra5 $2 {[%mdl 8192] This costs Black the game.} (28... Rbd5 $11 29. Rc8 Kg7)
29. Qe7 $1 $18 {[%csl Gd8][%cal Re7f8] White is clearly winning.} Qh6 30. a4
Rxf3 31. Red1 Rd5 32. R1xd5 cxd5 33. Nf6+ Rxf6 34. Qxf6 Qh5 35. Qe7 {[%csl Gd8]
[%cal Re7f8] [#]} Qe2+ 36. Kc1 {[%csl Gd8][%cal Re7f8]} Kg7 37. Qxf8+ Kf6 38.
Qc5 {Weighted Error Value: White=0.13/Black=0.24} 1-0

[Event "FTX Crypto Cup Prelims 2021"]
[Site "Chess24"]
[Date "2021.05.18"]
[Round "8.6"]
[White "Caruana, Fabiano"]
[Black "Vachier-Lagrave, Maxime"]
[Result "1/2-1/2"]
[WhiteElo "2773"]
[BlackElo "2860"]
[Annotator "TA"]
[PlyCount "79"]
[EventDate "2021.05.23"]
[EventType "tourn"]
[EventCountry "NET"]
[Tiebreak "Koya+Number of black wins+Number of wins"]
[SourceTitle "playchess.com"]
[Source "ChessBase"]
[SourceQuality "1"]

{[%evp 21,79,28,30,18,33,24,33,30,38,24,40,42,23,30,27,40,27,28,36,27,31,15,26,
33,22,0,0,0,-13,0,0,-28,-25,-27,-26,-32,0,0,0,-1,-1,-2,-1,-2,0,-6,0,0,0,0,0,0,
0,0,0,0,0,0,0,0]} 1. e4 c5 2. Nf3 d6 3. Bb5+ Bd7 4. Bxd7+ Qxd7 5. c4 Nf6 6. Nc3
g6 7. d4 cxd4 8. Nxd4 Bg7 9. f3 O-O 10. Be3 Nc6 11. O-O a6 12. Qd3 $1 {[%mdl 4]
is currently scoring better than 12.a4. B52: Sicilian: Moscow Variation with 3.
..Bd7.} Rfc8 13. b3 $1 b5 {13...Qc7 is not played anymore.} 14. cxb5 {White is
slightly better.} Ne5 15. Qd2 d5 $1 16. Nxd5 Nxd5 17. exd5 {And now b6 would
win.} axb5 18. Rad1 Qxd5 19. Qe2 Nc6 {[%cal Be5c6,Bc6b4,Bb4d3][%mdl 32]} 20.
Nxb5 Qe6 21. Rd2 Nb4 22. Re1 h5 23. Nd4 {[#]} Qa6 $146 ({Predecessor:} 23...
Qf6) 24. Qxa6 Rxa6 25. a4 Rc3 $1 26. Bf2 Nd3 27. Red1 Nxf2 28. Kxf2 Bxd4+ (
28... e5 {feels hotter.} 29. Ne2 Rxb3 30. Rd8+ Bf8 31. Re8 Kg7) 29. Rxd4 {
The position is equal.} Rxb3 $11 {[%mdl 4096] Endgame KRR-KRR} 30. Ra1 Rb2+ 31.
Kg3 Ra5 32. h4 Kg7 33. Kh3 Rb7 34. Ra2 Rba7 35. Rb4 R7a6 36. Kg3 Ra7 37. Kf2
R7a6 38. Kg3 Ra7 39. Kf2 R7a6 40. Kg3 {Weighted Error Value: White=0.02/
Black=0.02} 1/2-1/2

[Event "FTX Crypto Cup Prelims 2021"]
[Site "Chess24"]
[Date "2021.05.18"]
[Round "8.7"]
[White "Radjabov, Teimour"]
[Black "So, Wesley"]
[Result "1/2-1/2"]
[WhiteElo "2758"]
[BlackElo "2741"]
[Annotator "TA"]
[PlyCount "38"]
[EventDate "2021.05.23"]
[EventType "tourn"]
[EventCountry "NET"]
[Tiebreak "Koya+Number of black wins+Number of wins"]
[SourceTitle "playchess.com"]
[Source "ChessBase"]
[SourceQuality "1"]

{[%evp 11,38,21,27,11,18,18,22,34,26,29,29,15,18,14,24,18,19,22,29,24,28,26,20,
0,30,0,27,0,23]} 1. d4 Nf6 2. c4 e6 3. Nf3 d5 4. Nc3 Be7 5. Bf4 (5. Bg5 h6 6.
Bxf6 Bxf6 7. e3 O-O 8. Rc1 c6 9. Bd3 Nd7 10. O-O dxc4 11. Bxc4 c5 12. Qe2 cxd4
13. exd4 Nb6 14. Bd3 g6 15. Be4 Rb8 16. Rfd1 Bd7 17. Ne5 Qe7 18. Qf3 Be8 19. g3
Bg7 20. h4 h5 21. Qe3 Nc8 22. Bb1 Nd6 23. Re1 Bc6 24. Qf4 Qd8 25. Rcd1 Nb5 26.
Nxb5 Bxb5 {1/2-1/2 (35) Radjabov,T (2765)-So,W (2770) chess24.com INT 2021})
5... O-O 6. e3 Nbd7 7. a3 {D37: Queen's Gambit Declined: 5 Bf4.} c5 8. cxd5
Nxd5 9. Nxd5 exd5 10. dxc5 Nxc5 11. Be5 Bf5 $1 {[%mdl 4] is recently more
successful than 11...Bf6.} 12. Be2 Bf6 13. Bxf6 Qxf6 14. Qd4 Qd6 {Threatens to
win with ...Nb3.} 15. Rd1 Rfd8 16. Qd2 {[#]} Qf6 $5 $146 {[%mdl 8] New and
interesting.} ({Predecessor:} 16... Nb3 17. Qc3 Qb6 18. Nd4 Nxd4 19. Qxd4 Qxd4
20. Rxd4 Rac8 21. g4 Rc1+ 22. Rd1 Rxd1+ 23. Bxd1 Be6 24. f4 f5 25. gxf5 Bxf5
26. Bb3 {1/2-1/2 (66) Nepomniachtchi,I (2784)-Nakamura,H (2736) chess24.com
INT 2020}) 17. Qd4 Qd6 {next ...Bc2 is good for Black.} 18. Qd2 Qf6 19. Qd4 Qd6
{Not much happened in this game.  Weighted Error Value: White=0.06/Black=0.01}
1/2-1/2

[Event "FTX Crypto Cup Prelims 2021"]
[Site "Chess24"]
[Date "2021.05.18"]
[Round "8.8"]
[White "Mamedyarov, Shakhriyar"]
[Black "Nepomniachtchi, Ian"]
[Result "1/2-1/2"]
[WhiteElo "2761"]
[BlackElo "2778"]
[Annotator "TA"]
[PlyCount "81"]
[EventDate "2021.05.23"]
[EventType "tourn"]
[EventCountry "NET"]
[Tiebreak "Koya+Number of black wins+Number of wins"]
[SourceTitle "playchess.com"]
[Source "ChessBase"]
[SourceQuality "1"]

{[%evp 12,81,10,21,14,22,19,27,40,29,37,49,37,56,32,47,52,23,17,21,22,18,20,21,
16,19,13,0,0,0,8,2,15,6,4,0,0,0,7,0,5,-4,-13,-8,0,0,0,0,0,0,0,-2,0,0,0,-5,0,0,
0,0,0,0,0,0,0,0,0,0,0,0,0,0]} 1. d4 Nf6 2. Nf3 g6 3. Bg5 Bg7 4. Nbd2 O-O 5. e4
d5 6. exd5 Nxd5 7. c3 Nd7 {A48: 1 d4 Nf6 2 Nf3 g6: Torre, London and Colle
Systems.} 8. Bc4 N5b6 9. Bb3 c5 {White has an edge.} 10. O-O cxd4 {[#]} 11. Re1
$146 ({Predecessor:} 11. cxd4 Nf6 12. Re1 Nbd5 13. Ne5 Be6 14. Qf3 Qb6 15. Bxf6
exf6 16. Nxf7 Bxf7 17. Bxd5 Qxd4 18. Bxf7+ Rxf7 19. Ne4 Kh8 20. Ng5 Rd7 21.
Rad1 Qa4 22. Qh3 {1-0 (22) Romanov,E (2579)-Slizhevsky,A (2426) Cheliabinsk
2019}) 11... Re8 12. Ne4 {[#] Threatens to win with Bxf7+!} Nf8 13. Nxd4 Bxd4
14. Qxd4 (14. cxd4 {seems wilder.} Be6 15. Nc5 Bxb3 16. axb3 Nc8 17. Bf4) 14...
Qxd4 15. cxd4 {Nd6 is the strong threat.The position is equal.} Be6 $1 16. Nc5
{[%cal Rc5e6]} Bxb3 17. axb3 Nd5 18. Nxb7 Ne6 19. Be3 Reb8 20. Na5 Rb5 21. Rec1
a6 22. g3 f6 23. Rc4 Kf7 24. Kg2 Rd8 25. Nc6 Rd6 26. Rxa6 Rxb3 27. Bc1 Rb7 28.
Na5 {[#] aiming for Rxd6.} Rxa6 29. Nxb7 Ra1 30. h4 Nb6 31. Rc3 Nd5 32. Rc4 Nb6
33. Rc3 Rb1 34. Na5 Nd5 35. Rc4 Nb6 36. Rc3 Nd5 37. Rc4 Nb6 38. Rc6 Nxd4 39.
Rxb6 {Hoping for Be3.} Rxc1 40. Nb3 Nxb3 41. Rxb3 {Weighted Error Value:
White=0.02/Black=0.02} 1/2-1/2

[Event "FTX Crypto Cup Prelims 2021"]
[Site "Chess24"]
[Date "2021.05.18"]
[Round "9.1"]
[White "Nepomniachtchi, Ian"]
[Black "Aronian, Levon"]
[Result "1-0"]
[WhiteElo "2778"]
[BlackElo "2778"]
[Annotator "TA"]
[PlyCount "89"]
[EventDate "2021.05.23"]
[EventType "tourn"]
[EventCountry "NET"]
[Tiebreak "Koya+Number of black wins+Number of wins"]
[SourceTitle "playchess.com"]
[Source "ChessBase"]
[SourceQuality "1"]

{[%evp 22,89,8,0,15,-19,0,-24,-31,-32,-32,-43,-55,-40,-48,-58,-46,-52,-16,-10,
-13,-31,-2,-2,-2,-2,-2,-8,0,-18,0,0,35,0,0,0,300,300,300,300,275,275,455,395,
414,414,414,376,448,442,448,433,433,432,29963,29961,29985,29986,29986,1976,
29987,29988,29995,29996,29996,29997,29997,29994,29994,29990]} 1. e4 e5 2. Nf3
Nc6 3. Bc4 Nf6 4. d3 Bc5 5. Nc3 a6 6. Bg5 h6 7. Bxf6 Qxf6 8. Nd5 Qd8 9. c3 d6
10. d4 exd4 11. cxd4 Ba7 12. h3 Ne7 {[#] C50: Hungarian Defence and Giuoco
Pianissimo.} 13. Ne3 $1 $146 {[%mdl 8] A top novelty.} ({Predecessor:} 13. O-O
Nxd5 14. Bxd5 O-O 15. Re1 c6 16. Bb3 Re8 17. Qd3 Be6 18. d5 cxd5 19. Bxd5 Qb6 {
1/2-1/2 (19) Macieja,B (2613)-Adams,M (2740) Mallorca 2004}) 13... b5 14. Bd3
c5 {Black has an edge.} 15. a4 cxd4 16. Nf5 Nxf5 17. exf5 O-O 18. O-O bxa4 19.
Rxa4 a5 20. b4 Bb6 21. bxa5 Rxa5 (21... Bd7 $5 {[%cal Rd7a4]} 22. Ra1 Rxa5 $15)
22. Rxa5 ({But not} 22. Nxd4 $2 Rxa4 23. Qxa4 Qh4 $19) 22... Bxa5 23. Nxd4 Bb7
24. Qb3 Ba8 25. Bc4 Qf6 (25... d5 {keeps more tension.} 26. Be2 Qf6 27. Qd3 Bb6
28. Rd1 Rc8) 26. Rd1 Rc8 27. Bd5 (27. Qb5 $5 {[%cal Rb5a5]} d5 28. Bxd5 (28.
Qxa5 dxc4 29. Qc3 Be4 $17) 28... Bxd5 29. Qxa5 $14 (29. Qxd5 Bb6 $15)) 27...
Bxd5 28. Qxd5 Bb6 {[%mdl 8192] [#] White leaves nothing to chance now.} (28...
Rc5 $11 {and Black stays safe.} 29. Qb7 Kh7) 29. Qb7 $1 $18 {[%csl LRb6,LRc8]
[%mdl 64] Double Attack} Bxd4 30. Qxc8+ {[%mdl 4096] Endgame KQR-KQB} Kh7 31.
Qc6 Qe5 $2 (31... Bc5 32. Qf3 Qb2) 32. Qf3 Bc5 33. g3 Qf6 34. Kg2 Qe5 35. Rb1
Qd4 36. Rb7 Kg8 37. h4 Qd2 (37... Qf6 $18 38. Qh5 d5) 38. f6 g6 39. h5 Qc2 40.
Rb8+ Kh7 41. Rf8 {White mates.} Qa2 42. hxg6+ {[%mdl 64] [#] Overworked Piece}
Kxg6 43. Rg8+ Kh7 44. Rg7+ Kh8 45. Qf5 {[%csl Gg7][%cal Rf5h7][%mdl 64] Decoy.
Weighted Error Value: White=0.08/Black=0.58} 1-0

[Event "FTX Crypto Cup Prelims 2021"]
[Site "Chess24"]
[Date "2021.05.18"]
[Round "9.3"]
[White "Vachier-Lagrave, Maxime"]
[Black "Radjabov, Teimour"]
[Result "1/2-1/2"]
[WhiteElo "2860"]
[BlackElo "2758"]
[Annotator "TA"]
[PlyCount "95"]
[EventDate "2021.05.23"]
[EventType "tourn"]
[EventCountry "NET"]
[Tiebreak "Koya+Number of black wins+Number of wins"]
[SourceTitle "playchess.com"]
[Source "ChessBase"]
[SourceQuality "1"]

{[%evp 15,95,27,11,5,10,19,19,19,20,18,15,15,11,18,18,17,16,13,25,23,32,20,27,
25,38,35,47,37,34,21,67,45,60,43,38,31,41,41,51,43,53,18,21,11,17,10,14,0,0,0,
0,0,12,12,12,12,12,12,12,12,12,8,8,8,8,8,62,62,62,62,66,9,9,8,8,8,8,8,8,8,8,8]
} 1. e4 e5 2. Nf3 Nc6 3. Bb5 Nf6 4. O-O Nxe4 5. Re1 Nd6 6. Nxe5 Be7 7. Bf1 Nxe5
8. Rxe5 O-O 9. Nc3 {[%cal Bb1c3,Bc3d5,Bd5e3,Be3f5,Bf5e7][%mdl 32] C67: Ruy
Lopez: Berlin Defence: 4 0-0 Nxe4.} Ne8 10. Nd5 Bd6 11. Re1 c6 12. Ne3 Bc7 13.
Nf5 d5 14. Ne7+ Kh8 {[#] Strongly threatening ...Be6.} 15. Nxc8 Rxc8 16. d3 Qd6
{[%csl Gc7][%cal Rd6h2]} 17. g3 Nf6 {[#]} 18. Qf3 $146 ({Predecessor:} 18. c3
Rce8 19. Rxe8 Rxe8 20. Bd2 Qd7 21. Qf3 Qg4 22. Qxg4 Nxg4 23. h3 Nf6 24. Re1
Rxe1 25. Bxe1 {1/2-1/2 (31) Van Delft,M (2395)-Naumann,A (2535) Germany 2013})
18... Rce8 19. Bd2 Qc5 20. c3 Qd6 21. h4 Kg8 22. Bh3 Qd8 23. Kg2 a5 24. a4 h6
25. Bf5 Rxe1 26. Rxe1 Re8 27. Rxe8+ Nxe8 28. d4 (28. Be3 {with more
complications.} b6 29. Bh3 c5 30. Qf5 d4 31. Bd2) 28... g6 29. Bd3 ({Don't play
} 29. Bxh6 gxf5 30. Qxf5 Qf6 $17) 29... h5 30. b3 Qd7 31. c4 dxc4 32. Bxc4 Nd6
33. Qf6 Qf5 34. Qxf5 Nxf5 $11 {[%mdl 4096] Endgame KBB-KBN} 35. d5 Nd6 36. Bf4
b5 37. axb5 cxb5 38. Bd3 a4 39. bxa4 bxa4 40. Bc1 {White wants to play Bc2.}
Nb7 (40... Nc8 $11) 41. Bb5 $14 Nc5 42. Ba3 Bd6 43. f3 ({White should try} 43.
Kf3 $14) 43... Kg7 {The position is equal.} 44. g4 Kf6 45. gxh5 gxh5 46. f4 Ke7
47. Bxc5 Bxc5 48. Bxa4 {Weighted Error Value: White=0.07/Black=0.06} 1/2-1/2

[Event "FTX Crypto Cup Prelims 2021"]
[Site "Chess24"]
[Date "2021.05.18"]
[Round "9.4"]
[White "Pichot, Alan"]
[Black "Caruana, Fabiano"]
[Result "0-1"]
[WhiteElo "2533"]
[BlackElo "2773"]
[Annotator "TA"]
[PlyCount "138"]
[EventDate "2021.05.23"]
[EventType "tourn"]
[EventCountry "NET"]
[Tiebreak "Koya+Number of black wins+Number of wins"]
[SourceTitle "playchess.com"]
[Source "ChessBase"]
[SourceQuality "1"]

{[%evp 9,138,13,24,17,14,16,22,17,47,41,39,39,63,13,32,15,12,0,0,0,45,18,23,37,
73,70,73,73,79,73,77,57,110,54,58,44,161,72,68,51,56,21,216,141,136,121,150,
138,152,105,152,162,656,642,633,620,764,765,899,899,1137,64,47,52,61,32,64,5,
32,0,0,0,0,0,0,0,0,-3,-6,-2,-3,-5,-7,-5,0,-8,0,0,0,0,-8,-57,-21,-11,0,0,0,0,0,
-57,-57,-65,-65,-67,-67,-67,-67,-67,-67,-67,-67,-67,-67,-67,-67,-29960,-67,-75,
-90,-29967,-29968,-29969,-29970,-29972,-29973,-29973,-29974,-29974,-29975,
-29975,-29975]} 1. e4 c6 2. Nf3 d5 3. d3 g6 4. e5 Bg7 5. d4 f6 6. exf6 {
B10: Caro-Kann: 2 d3 and 2 c4.} exf6 7. Bd3 {[#]} Ne7 $146 ({Predecessor:} 7...
Nh6 8. O-O O-O 9. h3 Nf7 10. c4 Be6 11. b3 Nd7 12. Nc3 dxc4 13. Bxc4 Bxc4 14.
bxc4 {1-0 (45) Alekseenko,K (2696)-Sevian,S (2660) Chess.com INT 2020}) 8. O-O
{The position is equal.} Na6 9. Bxa6 bxa6 10. Re1 Kf7 11. c4 dxc4 12. Nc3 Nd5
13. Qa4 Nb6 14. Qxc6 Bd7 15. Qd6 Re8 16. Be3 Bf5 17. Qa3 Qc8 18. d5 Bf8 19. Qa5
Qb7 20. Bc5 Bh6 (20... Nxd5 $14 21. Bxf8 Nxc3 22. Qxc3 Rxe1+ 23. Rxe1 Rxf8) 21.
d6 ({Better is} 21. Qb4 $16) 21... Bf8 22. Qb4 Rec8 (22... Rab8 $14) 23. Rad1 (
23. Nd4 $18 {and the rest is easy.}) 23... Bd3 $16 24. b3 Rab8 25. bxc4 Bxc4 (
25... Nd7 $11 26. Qxb7 (26. Rxd3 Nxc5 27. Qxb7+ Rxb7 $11) 26... Rxb7 27. Rxd3
Nxc5) 26. d7 {Strongly threatening Bxf8.} Bxc5 27. dxc8=Q $40 {[%mdl 128]
White has strong attack.} Bxb4 28. Qh3 {[%cal Rh3h7]} Kg7 29. Re3 Qf7 30. Ne4
Nd5 $2 {[#]} (30... Rb7) 31. Neg5 $1 {[%mdl 512]} fxg5 32. Nxg5 {[%mdl 64]
Double Attack} Qg8 33. Qd7+ Kh8 34. Nf7+ Kg7 35. Ne5+ $2 (35. Nd8+ $1 $18 Kh8
36. Re8) 35... Kh8 $14 36. Nxc4 Nxe3 37. Nxe3 (37. Qd4+ {is more complex.} Qg7
38. Qxe3 Bf8 39. h3 Qf6 40. Qxa7 Rc8 41. Ne3) 37... Bc5 38. Ng4 (38. Qd3 $14
Qg7 39. Qxa6) 38... Qg7 (38... Rf8 {keeps more tension.} 39. Qd3 Qg7 40. g3 h5
41. Ne3 Qf6) 39. Qxg7+ (39. Qd5 {feels hotter.} Bb6 40. g3 Rf8 41. Rd2 Qc3 42.
Kg2) 39... Kxg7 {[%mdl 4096] Endgame KRB-KRN} 40. Rd7+ Kf8 {( -> ...Rb1+)} 41.
g3 Rb2 42. a4 h5 43. Ne3 Ra2 44. Rc7 Bb6 45. Rc4 Ke7 46. Rf4 g5 47. Rf5 g4 48.
Rxh5 Rxa4 49. Rg5 a5 50. Nxg4 Rd4 (50... Re4 $5 {[%cal Ra5a4]} 51. Re5+ Rxe5
52. Nxe5 Ke6 $15) 51. Ne3 {Black should prevent Rxa5!} a4 52. Nf5+ Kf6 53. Nxd4
Kxg5 $11 {KB-KN} 54. Nc2 (54. Ne2 $1 $11) 54... Bc5 $15 {[%mdl 1024] Black has
compensation.} 55. Kf1 a3 56. Ke2 a2 57. Kd3 Bf8 58. Kc4 Bg7 59. Kb3 a1=Q 60.
Nxa1 Bxa1 {KB-K3P} 61. Ka4 Kg4 62. Ka5 $2 {[%mdl 8192] [#]} (62. f4 $15 Bd4 63.
Kb5) 62... Bd4 $2 (62... Kf3 $1 {mates} 63. h4 Kg4 64. Ka6 Bd4 65. f3+ Kh5 66.
Kb5 Bb6 67. Kc4 Bf2 68. g4+ Kxh4 69. Kd5 Bb6 70. Kc4 Be3 71. Kd3 Bh6 72. Kd4
Kg3 73. Kc3 Be3 74. Kb3 Kxf3 75. Kc3 Kxg4 76. Kc4 a5 77. Kc3 Kf4 78. Kc4 Bd2
79. Kb5 Ke5 80. Ka4 Bb4 81. Kb3 Kd4 82. Ka4 Kc3 83. Kb5 Kb3 84. Kb6 a4 85. Kb7
a3 86. Kc7 a2 87. Kd7 a1=Q 88. Ke6 Qf1 89. Kd7 Qf7+ 90. Kc6 Kc4 91. Kb6 Qd7 92.
Ka6 Bc5 93. Ka5 Qb5#) 63. f4 Bg1 64. Ka6 $2 {[%mdl 8192]} (64. h3+ $17 Kf5 65.
Kb5) 64... Kf5 {Black mates.} 65. h3 {[#]} Bf2 $1 {[%cal Rf2g1]} 66. h4 Kg4 67.
h5 Kxh5 68. f5 Kg5 69. g4 Bd4 {Never resign too early!  Weighted Error Value:
White=0.22/Black=0.32} 0-1